| 000 | 00729cab a2200253 4500 | ||
|---|---|---|---|
| 001 | WB3215-106 | ||
| 008 | 090401t1996 xxu||||| |||| 00| 0 eng d | ||
| 035 | _a(Sirsi) u76409 | ||
| 041 | _aeng | ||
| 245 | _aResponse to consequences of BSE | ||
| 260 | _c1996 | ||
| 350 | _a0 | ||
| 490 |
_aRICS Press Release _v(PR36.BSE) 29 March 1996 (2) |
||
| 520 | _aRICS President calls for a cross-industry approach in assessing and advising on the land issues arising from the impact of the BSE scare. | ||
| 650 | _aBEEF INDUSTRY | ||
| 650 | _aBSE | ||
| 650 | _aLAND USE ISSUES | ||
| 650 | _aLAND VALUES | ||
| 650 | _aLIVESTOCK MARKETS | ||
| 650 | _aRICS | ||
| 690 | _aRURAL PRACTICE | ||
| 942 | _n0 | ||
| 948 | _c04/03/1997 | ||
| 999 |
_c48066 _d48066 |
||